<?xml version="1.0" encoding="UTF-8"?>
<record
    xmlns:xsi="http://www.w3.org/2001/XMLSchema-instance"
    xsi:schemaLocation="http://www.loc.gov/MARC21/slim http://www.loc.gov/standards/marcxml/schema/MARC21slim.xsd"
    xmlns="http://www.loc.gov/MARC21/slim">

  <leader>02424nac a22002651u 4500</leader>
  <datafield tag="090" ind1=" " ind2=" ">
    <subfield code="c">2766</subfield>
  </datafield>
  <controlfield tag="008">080806t        xxu||||| |||| 00| 0 eng d</controlfield>
  <datafield tag="010" ind1=" " ind2=" ">
    <subfield code="a">  2005020309</subfield>
  </datafield>
  <datafield tag="020" ind1=" " ind2=" ">
    <subfield code="a">0415341914 (hard cover)</subfield>
  </datafield>
  <datafield tag="020" ind1=" " ind2=" ">
    <subfield code="a">0415341922 (soft cover)</subfield>
  </datafield>
  <datafield tag="082" ind1="0" ind2="0">
    <subfield code="a">658.0072</subfield>
    <subfield code="b">T3611</subfield>
  </datafield>
  <datafield tag="100" ind1=" " ind2=" ">
    <subfield code="a">Thomas, Alan                 </subfield>
  </datafield>
  <datafield tag="245" ind1="1" ind2="0">
    <subfield code="a">Research concepts for management studies /</subfield>
    <subfield code="c">Alan Berkeley Thomas.</subfield>
  </datafield>
  <datafield tag="260" ind1=" " ind2=" ">
    <subfield code="a">New York, NY :</subfield>
    <subfield code="b">Routledge,2006</subfield>
    <subfield code="c">2006.</subfield>
  </datafield>
  <datafield tag="300" ind1=" " ind2=" ">
    <subfield code="a">xi, 211 p. : </subfield>
    <subfield code="b">ill. ; </subfield>
    <subfield code="c">23 cm</subfield>
  </datafield>
  <datafield tag="500" ind1=" " ind2=" ">
    <subfield code="a">"Simultaneously published in the USA and Canada."</subfield>
  </datafield>
  <datafield tag="504" ind1=" " ind2=" ">
    <subfield code="a">Includes bibliographical references and index.</subfield>
  </datafield>
  <datafield tag="505" ind1="0" ind2=" ">
    <subfield code="a">What does it all mean? Language, research and management studies -- Some features of language and discourse -- The problem of meaning and the vocabulary of research -- Contexts of meaning -- Conclusion -- Further reading -- Science and management studies -- The language of science -- The standard model of science -- Science and the social -- The social science disciplines -- Management studies and the social sciences -- Conclusion on science -- Further reading -- Theory and management studies -- The language of theory -- Perspectives on theory -- Theory in management studies -- Conclusion on theory -- Further reading -- Data and management studies -- The language of data -- Data and reality -- Data and social research -- Data in management studies -- Conclusion on data -- Further reading -- Validity and management studies -- The language of validity -- A brief history of validity in social research -- Validity in quantitative research -- Validity in qualitative research -- Poststructuralism and validity -- Validity in management studies -- Conclusion on validity -- Further reading -- Significance and management studies -- The language of significance -- Values and value-freedom in research -- Statistical significance: Is it significant?</subfield>
  </datafield>
  <datafield tag="650" ind1=" " ind2="0">
    <subfield code="a">Management</subfield>
    <subfield code="x">Study and teaching.</subfield>
  </datafield>
  <datafield tag="650" ind1=" " ind2="0">
    <subfield code="a">Management</subfield>
    <subfield code="x">Study and teaching</subfield>
    <subfield code="x">Methodology.</subfield>
  </datafield>
  <datafield tag="856" ind1="4" ind2="1">
    <subfield code="3">Table of contents only</subfield>
    <subfield code="u">http://www.loc.gov/catdir/toc/ecip0516/2005020309.html</subfield>
  </datafield>
  <datafield tag="856" ind1="4" ind2="1">
    <subfield code="3">Publisher description</subfield>
    <subfield code="u">http://www.loc.gov/catdir/enhancements/fy0661/2005020309-d.html</subfield>
  </datafield>
  <datafield tag="942" ind1=" " ind2=" ">
    <subfield code="c">BB</subfield>
    <subfield code="k">658.0072T3611</subfield>
    <subfield code="2">ddc</subfield>
  </datafield>
  <datafield tag="999" ind1=" " ind2=" ">
    <subfield code="c">2766</subfield>
    <subfield code="d">2766</subfield>
  </datafield>
  <datafield tag="952" ind1=" " ind2=" ">
    <subfield code="0">0</subfield>
    <subfield code="1">0</subfield>
    <subfield code="2">ddc</subfield>
    <subfield code="4">0</subfield>
    <subfield code="7">0</subfield>
    <subfield code="a">MAIN</subfield>
    <subfield code="b">MAIN</subfield>
    <subfield code="c">1ST</subfield>
    <subfield code="d">2007-03-05</subfield>
    <subfield code="e">Purchase</subfield>
    <subfield code="g">204.00</subfield>
    <subfield code="l">2</subfield>
    <subfield code="m">1</subfield>
    <subfield code="o">658.0072 THO</subfield>
    <subfield code="p">000001523</subfield>
    <subfield code="r">2025-07-15 00:00:00</subfield>
    <subfield code="s">2010-11-09</subfield>
    <subfield code="v">255.00</subfield>
    <subfield code="y">BB</subfield>
  </datafield>
</record>
